الاختبارات والمقاييس/ (Record no. 6639)
[ view plain ]
| 000 -الفاتح | |
|---|---|
| حقل البيانات ثابتة الطول | 01264nac a22002771u 4500 |
| 008 - عناصر البيانات ثابتة الطول - معلومات عامة | |
| حقل البيانات ثابتة الطول | 100721s ua|||||| ||| 001 0 arad |
| 020 ## - الرقم الدولى المعيارى للكتب | |
| الرقم الدولى المعيارى للكتاب | 977148236× |
| 082 ## - رقم تصنيف ديوى العشرى | |
| رقم التصنيف | 150.287 |
| رقم المادة | ت ا ي |
| رقم الطبعة | 22 |
| 100 ## - المدخل الرئيسى - إسم شخصى | |
| الإسم الشخصى | تايلر ، ليونا أ |
| 9 (RLIN) | 16550 |
| 245 ## - بيان العنوان | |
| العنوان | الاختبارات والمقاييس/ |
| بيان المسئوليه,etc | ليونا أ. تايلر ؛ ترجمة سعد عبد الرحمن ؛ مراجعة محمد عثمان نجاتي |
| 250 ## - بيان الطبعة | |
| بيان الطبعة | ط2 |
| 260 ## - PUBLICATION, DISTRIBUTION, ETC. (IMPRINT) | |
| مكان الناشر او الموزع | القاهرة: |
| اسم الناشر او الموزع | دار الشروق ، 1983 |
| تاريخ النشر أو التوزيع | c1983. |
| 300 ## - الوصف المادى | |
| التعداد | 154ص: |
| تفاصيل ماديه اخرى للوعاء | ايض ؛ |
| أبعاد الوعاء | 24 سم |
| 490 ## - بيان السلسلة | |
| -- | 16554 |
| عنوان السلسلة | مكتبة أصول علم النفس الحديث |
| 500 ## - تبصرة عامة | |
| تبصرة عامة | هذا الكتاب ترجمة: Tests and Measurements/Leona E. Tyler .- 2nd ed.Englewood,NJ:Prentice-Hall,Inc,1971 |
| 504 ## - تبصرة ببليوجرافية | |
| تبصرة ببليوجرافية,الخ | يحتوي على مراجع ببليوجرافية وكشاف |
| 511 ## - | |
| -- | Catalogued by: Sara |
| 541 ## - تبصرة المصدر المباشر للتزويد | |
| مصدر التزويد | ألف باء ; |
| طريقة التزويد | شراء ; |
| 650 ## - المدخل الاضافى بالموضوع-مصطلح موضوعى | |
| مصطلح موضوعي أو اسم جغرافي كعنصر مدخل | علم النفس |
| 9 (RLIN) | 14220 |
| 650 ## - المدخل الاضافى بالموضوع-مصطلح موضوعى | |
| مصطلح موضوعي أو اسم جغرافي كعنصر مدخل | الاختبارات الإسقاطية |
| 9 (RLIN) | 16858 |
| 650 ## - المدخل الاضافى بالموضوع-مصطلح موضوعى | |
| مصطلح موضوعي أو اسم جغرافي كعنصر مدخل | الإسقاط |
| 9 (RLIN) | 16859 |
| 650 ## - المدخل الاضافى بالموضوع-مصطلح موضوعى | |
| مصطلح موضوعي أو اسم جغرافي كعنصر مدخل | اختبارات الذكاء |
| 9 (RLIN) | 16860 |
| 700 ## - المدخل الاضافى - اسم شخصى | |
| الإسم الشخصى | عبد الرحمن، سعد |
| 9 (RLIN) | 16564 |
| الدور | مترجم |
| 700 ## - المدخل الاضافى - اسم شخصى | |
| الإسم الشخصى | نجاتي، محمد عثمان |
| 9 (RLIN) | 289 |
| الدور | مراجع |
| 942 ## - عناصر المدخل الإضافي( كوها) | |
| Koha [default] item type | Book - Borrowing |
| سابقة رقم الطلب | 150.287ت ا ي |
| مصدر التصنيف او مخطط الترفيف | Dewey Decimal Classification |
| حالة التراجع | حالة الفقد | مصدر التصنيف او خطة الترفيف | حالة تلف | ليس للاعارة | مجموعات كوها | المكان الدائم | المكان الحالي | موقع الترفيف | تاريخ الاكتساب | Source of acquisition | رقم الاستدعاء | الباركود | Date last seen | مُعار | نوع الوعاء |
|---|---|---|---|---|---|---|---|---|---|---|---|---|---|---|---|
| Dewey Decimal Classification | Alef-Baa | Central Library | Central Library | Lower Floor | 27/07/2010 | 150.287 ت ا ي | 000008107 | 15/07/2025 | 10/01/2015 | Book - Borrowing | |||||
| Dewey Decimal Classification | Alef-Baa | Central Library | Central Library | Lower Floor | 27/07/2010 | 150.287 ت ا ي | 000008106 | 15/07/2025 | Book - Borrowing | ||||||
| Dewey Decimal Classification | Alef-Baa | Central Library | Central Library | Lower Floor | 27/07/2010 | 150.287 ت ا ي | 000008108 | 15/07/2025 | Book - Borrowing |